000 00818nam a22002537a 4500
008 240821b mp ||||| |||| 00| 0 mon d
020 _a978-99962-0-101-1
035 _a8425
040 _aDXO45059
_bmon
_cMN-UlNLM
_dMN-UlNLM
_erda
041 _amon
082 _210-t
_a891.7 3
_bШ.335
100 _aИрина Щеглова
245 0 _aАлс нутгийн ханхүү
245 0 _bОхидод зориулав
245 0 _cОрч.Н.Пүрэвсүрэн
264 _aУБ
_bМонсудар хэвлэлийн газар
_c2010
300 _a144х.
336 _2rdacontent
_atext
_btxt
337 _2rdamedia
_aunmediated
_bn
338 _2rdacarrier
_avolume
_bnc
505 _tалс нутгийн ханхүү; охидод зориулав; 0; 0; 0
650 _a5658
942 _210-t
_cBK
999 _c1127930
_d1127987